000 00716cam a22002292 4500
001 0000020975
005 20151021151140.0
008 120105s xx 000 0 eng d
020 _a8121910218
040 _aKABU
_cKABU
050 0 _aHG8051
_b.M57 2011
100 1 _aMishra, M. N.
_@0000161193
245 1 0 _aInsurance :
_bprinciples and practice /
_cM. N. Mishra and S. B. Mishra.
250 _a8th ed.
260 _aNew Delhi :
_bS. Chand,
_c2011.
300 _a807 p.
650 0 _aInsurance.
_@0000152709
852 1 _9p1250 KES
852 1 _9p1250 KES
908 _a120105
950 _@1
999 _c1223
_d1223